[Event "World Seniors"]
[Site "Condino ITA"]
[Date "2009.10.27"]
[Round "1"]
[White "Pushkov,N"]
[Black "Trefzer,E"]
[Result "1-0"]
[WhiteElo "2499"]
[BlackElo "2074"]

1.d4 d5 2.c4 c6 3.Nf3 e6 4.e3 Nf6 5.Nc3 Nbd7 6.Qc2 Be7 7.Bd3 dxc4 8.Bxc4 b5
9.Bd3 Bb7 10.O-O a6 11.Rd1 Qb8 12.e4 e5 13.d5 b4 14.dxc6 Bxc6 15.Nd5 Bxd5
16.exd5 Bd6 17.Bg5 h6 18.Bxf6 Nxf6 19.Qc6+ Ke7 20.Nh4 Rd8 21.Nf5+ Kf8 22.Bxa6 e4
23.g3 g6 24.Ne3 Qa7 25.Be2 Rac8 26.Qa6 Qe7 27.Rac1 Ra8 28.Qc4 Nd7 29.Qd4 f6
30.Nc4 Bc5 31.d6 Qe6 32.Qd2 Kg7 33.Ne3 h5 34.Bc4 Qh3 35.Bd5 Ne5 36.Bxe4 Rxd6
37.Qe2 Rxd1+ 38.Nxd1 Rc8 39.Bg2 Qd7 40.Kh1 Nd3 41.Rc4 Re8 42.Re4 Rxe4 43.Bxe4 Ne5
44.Kg2 Qa7 45.Bd5 Qd7 46.Qe4 Qd6 47.f4 Nd7 48.Qe6 Qxe6 49.Bxe6 Nf8 50.Bc8 Bd4
51.a4 bxa3 52.bxa3 Kf7 53.a4 Ke7 54.Kf3 Kd8 55.Ba6 Nd7 56.Bd3 f5 57.Bc4 Ke7
58.a5 Kd6 59.Ne3 Nf8 60.a6 Ne6 61.Ng2 Nf8 62.Nh4 Ke7 63.Ke2 Kf6 64.Nf3 Bb6
65.Ne5 g5 66.Nc6 gxf4 67.gxf4 Ng6 68.Kf3  1-0

[Event "World Seniors"]
[Site "Condino ITA"]
[Date "2009.10.27"]
[Round "1"]
[White "Kuhnert,W"]
[Black "Ozbilen,H"]
[Result "0-1"]
[WhiteElo "1541"]
[BlackElo "2113"]

1.d4 d5 2.c4 e6 3.Nc3 Nf6 4.Nf3 c6 5.e3 Bd6 6.Be2 O-O 7.O-O Qc7 8.g3 Nbd7
9.cxd5 exd5 10.Re1 Re8 11.a3 Ne4 12.Nxe4 dxe4 13.Nd2 Nb6 14.Nc4 Nd5 15.Nxd6 Qxd6
16.Bd2 Re6 17.Bc4 Rh6 18.Bxd5 cxd5 19.f4 exf3 20.Qxf3 Rf6 21.Qd1 Bf5 22.Bb4 Qe6
23.Qd2 b6 24.Bc3 Re8 25.Rf1 Qxe3+ 26.Qxe3 Rxe3 27.Rae1 Rxe1 28.Bxe1 Kf8 29.Bc3 Ke7
30.Re1+ Kd7 31.Bb4 Bh3 32.Bd2 Rf3 33.Bc3 Kc6 34.Rc1 Kb5 35.Re1 a5 36.Bd2 Kc4
37.Be3 Kb3 38.Bf2 Kxb2 39.Re7 Rxa3 40.Re2+ Kb3 41.Re3+ Ka4 42.Re1 b5 43.Re3 b4
44.Rxa3+ Kxa3 45.Be1 Kb3  0-1

[Event "17th TCh-Eur"]
[Site "Novi Sad SRB"]
[Date "2009.10.27"]
[Round "6"]
[White "Aronian,L"]
[Black "Shirov,A"]
[Result "1/2-1/2"]
[WhiteElo "2773"]
[BlackElo "2730"]

1.d4 d5 2.Nf3 Nf6 3.c4 c6 4.Nc3 e6 5.e3 Nbd7 6.Qc2 Bd6 7.Bd3 O-O 8.O-O dxc4
9.Bxc4 b5 10.Bd3 Bb7 11.a3 a5 12.e4 e5 13.dxe5 Nxe5 14.Nxe5 Bxe5 15.h3 Ba6
16.Be3 b4 17.Bxa6 bxc3 18.Bc4 cxb2 19.Rad1 Qb8 20.f4 Bc7 21.e5 Bb6 22.Bf2 Bxf2+
23.Rxf2 Rd8 24.Rxd8+ Qxd8 25.exf6 Rb8 26.Ba2 Qxf6 27.g3 g6 28.Kh2 Qe7 29.a4 Qa3
30.Bb1 Rb3 31.Rg2 Qxa4 32.f5 Qb5 33.Qe4 Qb8 34.Qxc6 Rb6 35.Qd7 Rb7 36.Qd1 Rb3
37.Qe1 a4 38.Re2 Kf8 39.Re3 Rxe3 40.Qxe3 Qb4 41.f6 a3 42.h4 h5 43.Qa7 Ke8
44.Qa8+ Kd7 45.Qd5+ Kc8 46.Qxf7 Qd2+ 47.Kh3 Qd1 48.Qe6+ Kc7 49.Qe5+ Kd7 50.Qe7+ Kc8
51.Qe4 Qf1+ 52.Kh2 Qf2+ 53.Qg2 Qxf6 54.Qa8+ Kc7 55.Qa7+ Kd8 56.Qa5+ Kd7 57.Kg2 Qc6+
58.Kf2 Qf6+ 59.Kg2 Qc6+ 60.Kh2 Qf6 61.Qa4+ Kc7 62.Qa7+ Kd8 63.Qc5 Qe6 64.Qa5+ Kc8
65.Qc3+ Kd8 66.Qa5+  1/2-1/2

[Event "WJun"]
[Site "Puerto Madryn ARG"]
[Date "2009.10.27"]
[Round "7"]
[White "Jumabayev,R"]
[Black "Cori,J"]
[Result "1-0"]
[WhiteElo "2548"]
[BlackElo "2445"]

1.d4 Nf6 2.Nf3 d5 3.c4 c6 4.Nc3 e6 5.e3 Nbd7 6.Qc2 Bd6 7.Bd3 dxc4 8.Bxc4 O-O
9.O-O a6 10.Rd1 Qe7 11.a3 b5 12.Bd3 Bb7 13.Ng5 h6 14.Nge4 c5 15.Nxd6 Qxd6
16.dxc5 Qc6 17.e4 Nxc5 18.f3 Rfd8 19.Be2 Ncxe4 20.fxe4 Qc5+ 21.Kf1 Nxe4 22.Bd3 Qf5+
23.Ke1 Rxd3 24.Rxd3 Nc5 25.Rd2 Qe5+ 26.Ne2 Ne4 27.Rd4 Qf5 28.Be3 e5 29.Rb4 Rc8
30.Nc3  1-0

[Event "WJun"]
[Site "Puerto Madryn ARG"]
[Date "2009.10.27"]
[Round "7"]
[White "Bindrich,F"]
[Black "Yu Yangyi"]
[Result "1-0"]
[WhiteElo "2516"]
[BlackElo "2509"]

1.d4 d5 2.c4 c6 3.Nf3 Nf6 4.Nc3 e6 5.e3 Nbd7 6.Qc2 Bd6 7.Bd3 O-O 8.O-O dxc4
9.Bxc4 a6 10.Rd1 b5 11.Be2 Qc7 12.e4 e5 13.h3 h6 14.Be3 Re8 15.Rac1 exd4
16.Nxd4 c5 17.Nf5 Bh2+ 18.Kh1 Nb6 19.Nxb5 axb5 20.Qxc5 Qxc5 21.Rxc5 Nxe4
22.Rxb5 Be5 23.Nxh6+ gxh6 24.Rxb6 Rxa2 25.Bf3 Bf5 26.Rxh6 Rxb2 27.Bxe4 Bxe4
28.Rh4 Bf5 29.Kg1 Reb8 30.Bf4 Rb1 31.Bxe5 Rxd1+ 32.Kh2 f6 33.Bxb8 Be6 34.Rf4 Kg7
35.Ba7 Rd5 36.Rb4 Rd6 37.Be3 Kg6 38.Rb5 Bd7 39.Ra5 Be6 40.Kg3 Bc4 41.Rc5 Bb3
42.Kf4 Ra6 43.g4 Be6 44.Kg3 Ra4 45.Rc6 Re4 46.Rd6 Kf7 47.Rb6 Bc4 48.Rb7+ Re7
49.Rb4 Bd5 50.Rb5 Bc4 51.Rc5 Be2 52.h4 Re4 53.Rc7+ Kg8 54.Bf4 Rc4 55.Ra7 Rc3+
56.Be3 Rc4 57.f3 Rc3 58.Kf2 Rc2 59.Ra3 Bc4+ 60.Kg3 Ra2 61.Rc3 Ra4 62.h5 Kf7
63.Bf4 Kg7 64.Bd6 Kf7 65.Ba3 Kg7 66.Re3 Ra7 67.Bb2 Kf7 68.Bd4  1-0

[Event "USCL 2009"]
[Site "ICC INT"]
[Date "2009.10.28"]
[Round "9"]
[White "Corke,A"]
[Black "Lugo,Bl"]
[Result "1/2-1/2"]
[WhiteElo "2289"]
[BlackElo "2380"]

1.d4 d5 2.c4 c6 3.Nf3 Nf6 4.e3 e6 5.Nc3 Nbd7 6.Bd3 dxc4 7.Bxc4 b5 8.Bd3 a6
9.e4 c5 10.d5 c4 11.dxe6 cxd3 12.exd7+ Qxd7 13.O-O Bb7 14.Re1 Bb4 15.Bg5 Bxc3
16.bxc3 Rc8 17.Bxf6 gxf6 18.Qd2 Rg8 19.Re3 Kf8 20.Rxd3 Qg4 21.Ne1 Qg5 22.Re3 Qf4
23.Rd1 Rg6 24.Qd7 Qc7 25.Qxc7 Rxc7 26.Nf3 Rg4 27.Rde1 Rc4 28.Nd4 Rg5 29.Rd1 Bc8
30.Nb3 Re5 31.Rd4 Rc7 32.h3 Re6 33.Na5 Re5 34.Nb3 Re6 35.Rd8+ Ke7 36.Rdd3 Rec6
37.Nd4 Rc5 38.f4 Kf8 39.Kf2 Rc4 40.e5 fxe5 41.fxe5 Ra4 42.Rd2 Ke7 43.Rde2 Be6
44.Nxe6 Kxe6 45.Rf3 Ra3 46.Rf6+ Ke7 47.Rh6 Raxc3 48.Rxa6 Rc2 49.Rxc2 Rxc2+
50.Kf3 Rc4 51.Ra5 Rb4 52.Ra6 Rc4 53.g3 Rc3+ 54.Kf4 Rc4+ 55.Kf5 Rc3 56.Ra7+ Kf8
57.Kf4 Rc4+ 58.Kg5 Rc3 59.Kf4 Rc4+  1/2-1/2

[Event "17th TCh-Eur"]
[Site "Novi Sad SRB"]
[Date "2009.10.28"]
[Round "7"]
[White "Johannessen,LE"]
[Black "Pavasovic,D"]
[Result "1-0"]
[WhiteElo "2532"]
[BlackElo "2602"]

1.d4 d5 2.c4 e6 3.Nc3 c6 4.e3 Nf6 5.Nf3 Nbd7 6.Qc2 Bd6 7.g4 h6 8.h3 dxc4
9.e4 e5 10.Bxc4 Qe7 11.Be3 exd4 12.Nxd4 Ne5 13.Be2 g5 14.O-O-O Bd7 15.Kb1 Bc7
16.Nd5 Nxd5 17.exd5 cxd5 18.Nb5 Bb8 19.Bc5 Qe6 20.h4 Qg6 21.hxg5 Qxc2+ 22.Kxc2 Nxg4
23.Rhe1 Ne5 24.f4 Bf5+ 25.Kb3 hxg5 26.fxg5 Rh3+ 27.Nc3 Bc7 28.Bb5+ Bd7 29.Re3  1-0

[Event "World Seniors"]
[Site "Condino ITA"]
[Date "2009.10.29"]
[Round "3"]
[White "Muratoglu,S"]
[Black "Klundt,K"]
[Result "1/2-1/2"]
[WhiteElo "2111"]
[BlackElo "2337"]

1.d4 d5 2.c4 c6 3.Nc3 Nf6 4.Nf3 e6 5.e3 Nbd7 6.Qc2 Bd6 7.Bd3 O-O 8.e4 dxc4
9.Bxc4 e5 10.O-O exd4 11.Nxd4 Nb6 12.Be2 Bxh2+ 13.Kxh2 Qxd4 14.Be3 Qd6+ 15.Kg1 Ng4
16.Bxg4 Bxg4 17.f3 Be6 18.Qf2 Rfd8 19.Bxb6 axb6 20.Qxb6 Ra6 21.Qf2 Qb4 22.Rfd1 Raa8
23.a3 Qb3 24.Rd2 Rxd2 25.Qxd2 Qb6+ 26.Qf2 Qxf2+ 27.Kxf2 Bb3 28.Ke3 Kf8 29.Rc1 h5
30.Rh1 Ra5 31.g3 g6 32.Rh2 Ke7 33.f4 Ra8 34.Rd2 Be6 35.Ne2 Rh8 36.Nd4 Rd8
37.Nf3 Rxd2 38.Kxd2 Bg4 39.Ne5 Be6 40.Nf3 f6 41.e5 Bd5 42.exf6+ Kxf6 43.Nd4 c5
44.Ne2 Kf5 45.Ke3 Kg4 46.Kf2 Bc6 47.b3 Bd5 48.b4 Bc4 49.Nc3 cxb4 50.axb4 h4
51.gxh4 Kxf4 52.Nd1 Bb3 53.Ne3 Be6 54.Ng2+ Kg4 55.Ke3 Bf5 56.b5 Kg3 57.Ne1 Kxh4
58.Kf4 Bd7 59.Nf3+ Kh5 60.b6 Bc6 61.Ng5 Bd5 62.Nh3 Kh6 63.Ng5 Kg7 64.Ke5 Bg2
65.Ke6 Kh6 66.Kf6  1/2-1/2

[Event "17th TCh-Eur"]
[Site "Novi Sad SRB"]
[Date "2009.10.29"]
[Round "8"]
[White "Kozul,Z"]
[Black "Stojanovic,Da"]
[Result "1/2-1/2"]
[WhiteElo "2588"]
[BlackElo "2469"]

1.d4 d5 2.c4 c6 3.Nc3 Nf6 4.e3 e6 5.Nf3 Nbd7 6.Bd3 dxc4 7.Bxc4 b5 8.Bd3 b4
9.Ne4 Nxe4 10.Bxe4 Bb7 11.Qa4 Qb6 12.O-O Be7 13.Bd2 O-O 14.Rfc1 Rfc8 15.Be1 Nf6
16.Nd2 Nxe4 17.Nxe4 e5 18.Nc5 exd4 19.exd4 Rd8 20.Qxb4 Qxb4 21.Bxb4 Rxd4
22.a3 Bxc5 23.Bxc5 Rd5 24.b4 a5 25.a4 axb4 26.Bxb4 h6 27.Bc5 Ba6 28.h3 Bb5
29.a5 f6 30.Bb6 Kf7 31.Ra3 h5 32.h4 Ra6 33.Kh2 Ra8 34.Kg3 Ke6 35.Re3+ Kf7
36.Ra3 Ke6 37.Rac3 Kf7 38.Rc5 Rxc5 39.Rxc5 g6 40.Kf4 Re8 41.Rc1 Re5 42.Ra1 Ba6
43.Rd1 Rf5+ 44.Kg3 Rd5 45.Rc1 Bb5 46.Kf4 Re5 47.g3 Ke6 48.Bd4 g5+ 49.Kf3 Be2+
50.Kg2 Rxa5 51.Bb6 Rd5 52.Rxc6+ Rd6 53.Rxd6+  1/2-1/2

[Event "IV Open"]
[Site "Bogota COL"]
[Date "2009.10.30"]
[Round "3"]
[White "Cuartas,C"]
[Black "Sanabria Rangel,S"]
[Result "1/2-1/2"]
[WhiteElo "2281"]
[BlackElo "2187"]

1.d4 d5 2.Nf3 Nf6 3.c4 c6 4.e3 e6 5.Nc3 Bb4 6.Bd3 Nbd7 7.O-O dxc4 8.Bxc4 O-O
9.a3 Bd6 10.e4 e5 11.Bg5 h6 12.Bh4 Qe7 13.Re1 exd4 14.Nxd4 Be5 15.Nf5 Qd8
16.Qf3 Qc7 17.h3 Nb6 18.Ba2 Bxf5 19.Qxf5 Rfe8 20.f4 Bd4+ 21.Kh1 Bxc3 22.bxc3 Qc8
23.Qxc8 Raxc8 24.Bxf6 gxf6 25.a4 Nxa4 26.Bxf7+ Kxf7 27.Rxa4 a6 28.c4 c5 29.Ra3 Re6
30.Rd3 Rce8 31.Rd5 Rxe4 32.Rxe4 Rxe4 33.Rxc5 Rxf4 34.Rc7+ Kg6 35.c5 Rb4 36.c6 bxc6
37.Rxc6 a5 38.Ra6 a4 39.Kh2 h5 40.Kg3 Kg5 41.Ra8 h4+ 42.Kf3 Rb3+ 43.Kf2 a3
44.Ra5+ f5 45.Ra4 Rb2+ 46.Kf3 Ra2 47.Ra6 Ra1 48.Kf2 a2 49.Ra8 Kf6 50.Ra5 Ke6
51.Ra8 Ke5 52.Ra5+ Kd4 53.Ra8 f4 54.Ra5 Ke4 55.Ra4+ Kd3 56.Ra8 Kc2 57.Rc8+ Kb3
58.Rb8+  1/2-1/2

[Event "World Seniors w"]
[Site "Condino ITA"]
[Date "2009.10.30"]
[Round "4"]
[White "Abdikasova,P"]
[Black "Elstein,Alla Dr"]
[Result "1-0"]
[WhiteElo "2055"]
[BlackElo "1677"]

1.d4 d5 2.Nf3 Nf6 3.c4 e6 4.Nc3 c6 5.e3 Be7 6.Bd3 O-O 7.O-O dxc4 8.Bxc4 Nbd7
9.Qc2 h6 10.e4 Qc7 11.Bd3 e5 12.Be3 Ng4 13.Nd5 Qd6 14.Nxe7+ Qxe7 15.h3 Nxe3
16.fxe3 f6 17.Rac1 Nb6 18.Nh4 Kh7 19.d5 g5 20.Nf5 Bxf5 21.Rxf5 Kg7 22.dxc6 Rac8
23.Qf2 Rxc6 24.Rxc6 bxc6 25.Qc2 c5 26.b3 Rc8 27.Ba6 Rc7 28.Rf1 Qe6 29.Rc1 h5
30.Bc4 Nxc4 31.Qxc4 Kf7 32.Qd5 Ke7 33.Rxc5 Rd7 34.Qxe6+ Kxe6 35.Ra5 f5 36.Ra6+ Rd6
37.exf5+ Ke7 38.Rxa7+ Kf6 39.e4 Rd4 40.Ra4 g4 41.hxg4 hxg4 42.Rxd4 exd4  1-0

[Event "World Seniors"]
[Site "Condino ITA"]
[Date "2009.10.31"]
[Round "5"]
[White "Gutkin,B ISR"]
[Black "Kulago,A"]
[Result "1-0"]
[WhiteElo "2255"]
[BlackElo "2117"]

1.c4 e6 2.Nf3 d5 3.d4 Nf6 4.Nc3 c6 5.e3 Nbd7 6.Bd3 dxc4 7.Bxc4 b5 8.Bd3 b4
9.Ne4 Nxe4 10.Bxe4 Bb7 11.O-O Bd6 12.Qe2 Qb6 13.Rd1 Rc8 14.b3 Nf6 15.Bd3 Be7
16.Bb2 O-O 17.Ne5 c5 18.dxc5 Bxc5 19.Nc4 Qc6 20.Qf1 Ba8 21.Bxf6 gxf6 22.f3 Qc7
23.Qe1 f5 24.Kh1 f6 25.Rac1 Qg7 26.e4 f4 27.Bf1 Rfd8 28.Qh4 Qg5 29.Qh3 f5
30.Bd3 Be3 31.Rb1 Rc5 32.Bc2 Bd4 33.Re1 Bf2 34.Re2 Be3 35.Rbe1 Rd4 36.Bb1 Kg7
37.Nxe3 fxe3 38.f4 Qxf4 39.exf5 Qg4 40.f6+ Kxf6 41.Qxe3 Kg7 42.h3 Qh4 43.Qxe6 Rc3
44.Be4 Rxe4 45.Rxe4 Bxe4 46.Rxe4 Rc1+ 47.Kh2  1-0

[Event "TCh-NED 2009-10"]
[Site "Netherlands NED"]
[Date "2009.10.31"]
[Round "2"]
[White "Groffen,H"]
[Black "Kuipers,S"]
[Result "0-1"]
[WhiteElo "2189"]
[BlackElo "2321"]

1.d4 d5 2.Nf3 Nf6 3.c4 c6 4.Nc3 e6 5.e3 Nbd7 6.Qc2 Bd6 7.g4 h6 8.h3 Qe7 9.Bd2 e5
10.cxd5 cxd5 11.dxe5 Nxe5 12.Nxe5 Bxe5 13.O-O-O Bd7 14.Kb1 Bc6 15.Bg2 O-O-O
16.Nb5 Kb8 17.Nd4 Bxd4 18.exd4 Qd6 19.Qc1 g5 20.f4 Ba4 21.b3 Rc8 22.Bc3 Bb5
23.fxg5 hxg5 24.Kb2 Rhe8 25.Rde1 Qg3 26.Bf1 Bxf1 27.Rhxf1 Ne4 28.Re3 Qg2+
29.Ka3 Nxc3  0-1

[Event "TCh-NED 2009-10"]
[Site "Netherlands NED"]
[Date "2009.10.31"]
[Round "2"]
[White "Goormachtigh,J"]
[Black "Van de Oudeweetering,A"]
[Result "1/2-1/2"]
[WhiteElo "2230"]
[BlackElo "2337"]

1.d4 d5 2.c4 c6 3.Nf3 Nf6 4.Nc3 e6 5.e3 Nbd7 6.Bd3 dxc4 7.Bxc4 b5 8.Bd3 a6
9.e4 c5 10.d5 Qc7 11.dxe6 fxe6 12.O-O Bb7 13.Qe2 c4 14.Bc2 Bd6 15.g3 O-O
16.Nd4 Rae8 17.a3 Bc5 18.Be3 Ne5 19.b4 Bb6 20.Rac1 Nfg4 21.Kg2 Qf7 22.h3 Nxe3+
23.fxe3 Qg6 24.Rxf8+ Rxf8 25.Rf1 Rxf1 26.Qxf1 Nc6 27.Qf4 e5 28.Nxc6 Bxc6
29.Qxe5 Bxe3 30.Nd5 Bxd5 31.Qxd5+ Qf7 32.Qd8+ Qf8 33.Qd5+ Kh8 34.Qf5 Qxf5
35.exf5 Bc1 36.a4 Bd2 37.axb5 axb5 38.Kf3 Bxb4 39.Ke4 Bd6 40.g4 Bg3 41.Kd4 Bf2+
42.Kd5 Kg8 43.Bd1 Kf7 44.Kc6 Kf6  1/2-1/2

[Event "TCh-NED 2009-10"]
[Site "Netherlands NED"]
[Date "2009.10.31"]
[Round "2"]
[White "De Jong,JW"]
[Black "Spoelman,W"]
[Result "1/2-1/2"]
[WhiteElo "2462"]
[BlackElo "2554"]

1.d4 d5 2.c4 c6 3.Nc3 Nf6 4.e3 e6 5.Nf3 Nbd7 6.Bd3 Bd6 7.e4 dxe4 8.Nxe4 Nxe4
9.Bxe4 O-O 10.O-O Qc7 11.Bc2 c5 12.dxc5 Bxc5 13.b3 b6 14.Bb2 Rd8 15.Ng5 Nf6
16.Qf3 Bb7 17.Qh3 h6 18.Bxf6 gxf6 19.Qxh6 fxg5 20.Bh7+ Kh8 21.Be4+ Kg8 22.Bh7+ Kh8
23.Bg6+  1/2-1/2

[Event "13th OIBM"]
[Site "Bad Wiessee GER"]
[Date "2009.11.01"]
[Round "2"]
[White "Pezerovic,E"]
[Black "Hoennekes,K"]
[Result "1-0"]
[WhiteElo "2447"]
[BlackElo "2129"]

1.d4 Nf6 2.Nf3 d5 3.c4 e6 4.Nc3 c6 5.e3 Bd6 6.Bd3 Nbd7 7.O-O O-O 8.e4 dxe4
9.Nxe4 Nxe4 10.Bxe4 Nf6 11.Bc2 Be7 12.Qe2 b6 13.Bg5 Bb7 14.Qd3 g6 15.Bh6 Re8
16.Ne5 c5 17.Ba4 Qxd4 18.Qxd4 cxd4 19.Bxe8 Nxe8 20.Rad1 f6 21.Rxd4 Nd6 22.Ng4 Kf7
23.Rfd1 Ne8 24.Bc1 b5 25.Ne3 Bc6 26.a3 a5 27.b3 f5 28.Bb2 g5 29.R4d2 Nf6
30.Nc2 Ne4 31.Re2 Rc8 32.f3 Bc5+ 33.Kf1 Nf6 34.Nd4 g4 35.Nxe6 gxf3 36.gxf3 Be7
37.Ng5+  1-0

[Event "IV Open"]
[Site "Bogota COL"]
[Date "2009.11.01"]
[Round "6"]
[White "Rivera,A"]
[Black "Sanchez,S"]
[Result "1-0"]
[WhiteElo "2389"]
[BlackElo "2032"]

1.d4 d5 2.c4 c6 3.Nc3 Nf6 4.Nf3 e6 5.e3 Nbd7 6.Bd3 dxc4 7.Bxc4 b5 8.Bd3 Bb7
9.O-O a6 10.a4 b4 11.Ne4 c5 12.Ned2 Be7 13.a5 O-O 14.Qe2 Qc7 15.h3 Nd5 16.Nc4 cxd4
17.exd4 Nf4 18.Bxf4 Qxf4 19.Qe3 Bd6 20.Nxd6 Qxd6 21.Be4 Bxe4 22.Qxe4 Nf6
23.Qe5 Qd5 24.Qxd5 Nxd5 25.g3 Rfc8 26.Rfc1 Kf8 27.Kf1 Ke7 28.Ne5 f6 29.Nd3 Rxc1+
30.Rxc1 Kd6 31.Rc4 Rb8 32.Nc5 Nc7 33.Ke2 Rb5 34.Kd3 e5 35.dxe5+ Kxe5 36.Nb3 Kd6
37.Rd4+ Kc6 38.Rh4 Rd5+ 39.Kc4 Nb5 40.Rxh7 Nd6+ 41.Kxb4 Rb5+ 42.Ka4 Kd5 43.Rxg7 Nc4
44.Rd7+ Ke6 45.Rd4 Nd6 46.g4 f5 47.g5 Rb8 48.Nc5+ Ke7 49.b4 Rh8 50.Nxa6 Rxh3
51.Nc5  1-0

[Event "IV Open"]
[Site "Bogota COL"]
[Date "2009.11.01"]
[Round "6"]
[White "Rodriguez Rueda,P"]
[Black "Mateus,Al"]
[Result "0-1"]
[WhiteElo "2009"]
[BlackElo "2241"]

1.d4 d5 2.c4 c6 3.e3 Nf6 4.Nc3 e6 5.Nf3 Nbd7 6.Bd3 Bd6 7.O-O dxc4 8.Bxc4 Qe7
9.e4 e5 10.d5 O-O 11.Bg5 Rd8 12.Qe2 Nf8 13.Ne1 h6 14.Bxf6 Qxf6 15.Nd3 Ng6
16.Rae1 b5 17.Bb3 b4 18.Nd1 Ba6 19.g3 Qg5 20.Kh1 Ne7 21.Ne3 cxd5 22.Bxd5 Rac8
23.Rg1 Bc5 24.h4 Qg6 25.Rd1 Nxd5 26.Nxd5 Rxd5 27.exd5 e4 28.Rge1 Bxd3 29.Qd2 Qf5
30.Kg1 Qxd5 31.b3 Rc6 32.Qf4 Rf6 33.Qb8+ Kh7 34.Rd2 Qd4  0-1

[Event "IV Open"]
[Site "Bogota COL"]
[Date "2009.11.01"]
[Round "6"]
[White "Cuartas,C"]
[Black "Manrique,F"]
[Result "1-0"]
[WhiteElo "2281"]
[BlackElo "2019"]

1.d4 d5 2.Nf3 Nf6 3.c4 e6 4.Nc3 c6 5.e3 Bd6 6.Bd3 O-O 7.O-O Nbd7 8.e4 dxe4
9.Nxe4 Nxe4 10.Bxe4 e5 11.dxe5 Nxe5 12.Nxe5 Bxe5 13.Bxh7+ Kxh7 14.Qh5+ Kg8
15.Qxe5 Re8 16.Qc3 Qh4 17.Be3 Be6 18.b3 a6 19.Bd4 Qg4 20.Rfe1 Rad8 21.Bb6 Rd7
22.h3 Qh5 23.Re5 Qh7 24.Re3 Qh5 25.Rg3 g6 26.Re1 Kh7 27.Qf6 Qh6 28.Re4 Qg7
29.Rh4+ Kg8 30.Bd4 Rxd4 31.Qxd4 Qxd4 32.Rxd4 Re7 33.Re3 Kg7 34.g4 Kf6 35.f4 Re8
36.Kf2 Rh8 37.Kg3 Re8 38.h4 Rh8 39.Re5 Rg8 40.a4 Rh8 41.a5 Rg8 42.Kf3 Rh8
43.h5 gxh5 44.Rxh5 Rg8 45.f5 Bc8 46.Kf4  1-0

[Event "WJun"]
[Site "Puerto Madryn ARG"]
[Date "2009.11.01"]
[Round "11"]
[White "Meza,Hu"]
[Black "Lovik,L"]
[Result "1-0"]
[WhiteElo "2276"]
[BlackElo "2320"]

1.d4 d5 2.c4 e6 3.Nc3 c6 4.Nf3 Nf6 5.e3 Nbd7 6.Bd3 dxc4 7.Bxc4 b5 8.Bd3 a6
9.O-O c5 10.e4 cxd4 11.Nxd4 Ne5 12.Be2 Bb7 13.Bf4 Ng6 14.Be3 b4 15.Na4 Bxe4
16.Bf3 Bxf3 17.Qxf3 Nd5 18.Rfd1 Qf6 19.Qe4 Be7 20.Nb6 Rd8 21.Nc6 Rd6 22.Nxe7 Ngxe7
23.Bc5 Rxb6 24.Bxb6 Nxb6 25.Qxb4 Ned5 26.Qa3 Qe7 27.Qxa6 O-O 28.a4 Qb4 29.a5 Nc4
30.Rdc1 Nd2 31.Qc6 Nb3 32.Rc4 Qd2 33.Rf1 Nd4 34.Qb7 Qf4 35.Kh1 Rb8 36.a6 Qd6
37.Rd1 h6 38.Rc8+ Rxc8 39.Qxc8+ Kh7 40.Rxd4 Qe5 41.Qc2+ g6 42.Rd1 Nf6 43.Qc3 Qe2
44.Qf3  1-0

[Event "IV Open"]
[Site "Bogota COL"]
[Date "2009.11.02"]
[Round "9"]
[White "Castro,O"]
[Black "Sanabria Rangel,S"]
[Result "1/2-1/2"]
[WhiteElo "2369"]
[BlackElo "2187"]

1.d4 d5 2.c4 c6 3.Nf3 Nf6 4.Nc3 e6 5.e3 Nbd7 6.a3 Bd6 7.Be2 O-O 8.O-O b6
9.b4 dxc4 10.Bxc4 b5 11.Bd3 a5 12.Rb1 axb4 13.axb4 Qe7 14.Qb3 Bb7  1/2-1/2

[Event "World Seniors"]
[Site "Condino ITA"]
[Date "2009.11.03"]
[Round "7"]
[White "Zurel,M"]
[Black "Flotten,E"]
[Result "1-0"]
[WhiteElo "1903"]
[BlackElo "1840"]

1.d4 d5 2.c4 c6 3.Nf3 e6 4.Nc3 Nf6 5.e3 Bb4 6.a3 Bxc3+ 7.bxc3 O-O 8.Bd3 dxc4
9.Bxc4 Ne4 10.Qc2 f5 11.O-O Nd7 12.Bxe6+ Kh8 13.Bxf5 Rxf5 14.Qxe4 Nf6 15.Qc2 Rxf3
16.gxf3 Bh3 17.e4 Qe8 18.Bf4 h5 19.Kh1 Bxf1 20.Rxf1 Qf7 21.Rg1 Re8 22.Be5 g6
23.Qd2 Kh7 24.Qf4 Re6 25.d5 cxd5 26.exd5 Rxe5 27.Qxe5 Ng4 28.Qe2 Qxd5 29.Rg2 Ne5
30.Rg5 Qxf3+ 31.Qxf3 Nxf3 32.Rd5  1-0

[Event "13th OIBM"]
[Site "Bad Wiessee GER"]
[Date "2009.11.04"]
[Round "6"]
[White "Grabert,R"]
[Black "Astengo,C"]
[Result "1/2-1/2"]
[WhiteElo "2260"]
[BlackElo "2127"]

1.c4 c6 2.d4 d5 3.e3 e6 4.Nf3 Nf6 5.Nc3 Nbd7 6.Bd3 dxc4 7.Bxc4 b5 8.Bd3 Bd6
9.O-O O-O 10.e4 e5 11.d5 cxd5 12.Nxd5 Nxd5 13.exd5 Nf6 14.Bg5 a6 15.Re1 h6
16.Bh4 Re8 17.Bc2 Bg4 18.Qd3 g6 19.Bxf6 Qxf6 20.Nd2 Bf5 21.Qf3 Qg5 22.Ne4 Bxe4
23.Qxe4 f5 24.Qe3 Qxe3 25.Rxe3 Rac8 26.Bb3 Re7 27.g3 Kg7 28.Kf1 Rec7 29.h4 Kf6  1/2-1/2

[Event "World Seniors"]
[Site "Condino ITA"]
[Date "2009.11.04"]
[Round "8"]
[White "Kuhnert,W"]
[Black "Zelkind,N"]
[Result "1/2-1/2"]
[WhiteElo "1541"]
[BlackElo "1851"]

1.d4 d5 2.c4 e6 3.Nf3 Nf6 4.Nc3 c6 5.e3 Nbd7 6.Be2 Bb4 7.a3 Bd6 8.O-O O-O
9.Qc2 Bb8 10.Re1 Qc7 11.g3  1/2-1/2

[Event "World Seniors w"]
[Site "Condino ITA"]
[Date "2009.11.04"]
[Round "8"]
[White "Shmyreva,T"]
[Black "Elstein,Alla Dr"]
[Result "1-0"]
[WhiteElo "1794"]
[BlackElo "1677"]

1.d4 Nf6 2.c4 d5 3.Nc3 e6 4.Nf3 c6 5.e3 Bb4 6.Bd2 O-O 7.Qc2 Nbd7 8.cxd5 cxd5
9.Bd3 Be7 10.O-O h6 11.Rac1 a6 12.e4 Nb6 13.e5 Ne8 14.Ne1 f5 15.f4 Bd7 16.Qd1 Nc4
17.Bxc4 dxc4 18.Be3 Bc6 19.Qh5 Kh7 20.b3 g6 21.Qe2 cxb3 22.axb3 Bb4 23.Qa2 Ng7
24.Nd3 Be7 25.b4 b5 26.Nc5 a5 27.Nxe6 Nxe6 28.Qxe6 Bd7 29.Qd5 Bxb4 30.Nxb5 Bxb5
31.Qxb5 Bd2 32.Qb7+ Kg8 33.Rc7 Bxe3+ 34.Kh1  1-0

[Event "Russia Cup"]
[Site "St Petersburg RUS"]
[Date "2009.11.04"]
[Round "1.2"]
[White "Korotylev,A"]
[Black "Grachev,B"]
[Result "0-1"]
[WhiteElo "2597"]
[BlackElo "2652"]

1.c4 e6 2.Nc3 d5 3.d4 c6 4.e3 Nf6 5.Nf3 Nbd7 6.Bd3 dxc4 7.Bxc4 b5 8.Bd3 Bd6
9.O-O O-O 10.b3 a6 11.Bb2 Bb7 12.e4 e5 13.Ne2 Re8 14.Rc1 exd4 15.Nexd4 c5
16.Nf5 Bf4 17.g3 Bxc1 18.Qxc1 Re6 19.Ng5 Ne5 20.Bb1 Nxe4 21.Bxe4 Bxe4 22.Nxe4 Nf3+
23.Kg2 Rxe4 24.Rd1 Qg5 25.Qxg5 Nxg5 26.Bxg7 Re6 27.Rd7 Ne4 28.Bb2 c4 29.bxc4 bxc4
30.Bd4 c3 31.Rc7 Nd6 32.Nxd6 Rxd6 33.Bxc3 h6 34.a4 Rad8 35.Rc4 Kh7 36.h4 h5
37.Rc5 Rd5 38.Rc7 R8d7 39.Rc6 R7d6 40.Rc7 Kg6 41.Bb4 Re6 42.a5 Rb5 43.Bc3 Rf5
44.Bb4 Re2 45.Bc5 Rc2  0-1

[Event "Casino GM"]
[Site "Barcelona ESP"]
[Date "2009.11.05"]
[Round "4"]
[White "Peralta,Fe"]
[Black "Magem Badals,J"]
[Result "1/2-1/2"]
[WhiteElo "2557"]
[BlackElo "2564"]

1.d4 d5 2.c4 c6 3.Nf3 Nf6 4.Nc3 e6 5.e3 Nbd7 6.Bd3 dxc4 7.Bxc4 b5 8.Bd3 Bd6
9.O-O O-O 10.b3 Bb7 11.Bb2 a6 12.a4 b4 13.Ne4 Nxe4 14.Bxe4 Nf6 15.Bd3 c5
16.dxc5 Bxc5 17.Rc1 Bd6 18.Qe2 Qb8 19.Bxf6 gxf6 20.Nd4 Bxh2+ 21.Kh1 f5 22.f4 Bg3
23.Bxf5 Qd8 24.Bxh7+ Kxh7 25.Qh5+ Kg7 26.Qg4+ Kh7 27.Nf3 Bxf3 28.Rxf3 Qh4+
29.Qxh4+ Bxh4 30.Rh3 Rac8 31.Rxh4+ Kg7 32.Rxc8 Rxc8 33.f5 a5 34.fxe6 fxe6
35.Rh5 Rc3 36.e4 Rxb3 37.Rxa5 Re3 38.e5 Kg6 39.Rb5 b3 40.a5 Kf5 41.a6 Re1+
42.Kh2 Ra1 43.Rxb3 Kxe5  1/2-1/2

[Event "3rd Asian Indoor Team Rapid Prelim"]
[Site "Ha Long City VIE"]
[Date "2009.11.05"]
[Round "2"]
[White "Le Quang Liem"]
[Black "Filippov,An UZB"]
[Result "1-0"]
[WhiteElo "2635"]
[BlackElo "2607"]

1.d4 d5 2.c4 e6 3.Nc3 c6 4.e3 Nf6 5.Nf3 Nbd7 6.Qc2 Bd6 7.b3 O-O 8.Be2 Qe7
9.O-O b6 10.Bb2 Bb7 11.Rfd1 Rad8 12.Rac1 Rfe8 13.h3 h6 14.a3 Bxa3 15.Bxa3 Qxa3
16.cxd5 exd5 17.Ra1 Qd6 18.Rxa7 Qb8 19.Rda1 c5 20.b4 cxd4 21.Nxd4 Rc8 22.Qb3 Nf8
23.Bf3 Red8 24.Ncb5 Rd7 25.Qb2 Qe5 26.Rc1 Re8 27.Rc2 Ng6 28.Be2 Nh4 29.Nf3 Nxf3+
30.Bxf3 Qxb2 31.Rxb2 Bc6 32.Rxd7 Bxd7 33.Nc7 Re5 34.Ra2 d4 35.exd4 Re1+ 36.Kh2 Rb1
37.Nd5 Bf5 38.Ne7+  1-0

[Event "3rd Asian Indoor Team Rapid Prelim"]
[Site "Ha Long City VIE"]
[Date "2009.11.05"]
[Round "3"]
[White "Karavade,E"]
[Black "Cua,Sherc"]
[Result "1-0"]
[WhiteElo "2413"]
[BlackElo "2142"]

1.d4 d5 2.c4 e6 3.Nf3 Nf6 4.Nc3 c6 5.e3 Nbd7 6.Qc2 Bd6 7.Bd3 O-O 8.O-O Qe7
9.e4 dxc4 10.Bxc4 e5 11.h3 h6 12.Be3 Re8 13.Rfe1 a6 14.Bb3 exd4 15.Bxd4 Ne5
16.Nh4 Nh5 17.Nf5 Bxf5 18.exf5 Qg5 19.Kf1 Qf4 20.Be3 Qh2 21.Ne4 Bc7 22.f3 Rad8
23.Rad1 Rxd1 24.Rxd1 Ng3+ 25.Nxg3 Qxg3 26.Qf2 Qxf2+ 27.Kxf2 Rd8 28.Rxd8+ Bxd8
29.Ke2 Kf8 30.f4 Nd7 31.Kd3 Bf6 32.Bd4 Bxd4 33.Kxd4 Ke7 34.g4 f6 35.h4 Kd6
36.Be6 Nc5 37.Bc8 a5 38.b3 b6 39.Kc4 Kc7 40.Be6 Kd6 41.Bc8 Ne4 42.Kd4 Nc5
43.Kc4 Ne4 44.Kd4 Nf2 45.g5 Nh3 46.gxh6 gxh6 47.Ke3 Kc5 48.a3 b5 49.Be6 Kd6
50.Kf3 Ng1+ 51.Kf2 Kc5 52.Kxg1 Kd4 53.Bd7 Kc3 54.Bxc6 Kxb3 55.Bxb5 Kxa3 56.Kf2 Kb4
57.Bd7  1-0

[Event "3rd Asian Indoor Team Rapid Prelim"]
[Site "Ha Long City VIE"]
[Date "2009.11.05"]
[Round "4"]
[White "Dao Thien Hai"]
[Black "Paragua,M"]
[Result "1-0"]
[WhiteElo "2524"]
[BlackElo "2497"]

1.d4 d5 2.c4 c6 3.Nf3 Nf6 4.Nc3 e6 5.e3 a6 6.b3 c5 7.dxc5 Bxc5 8.cxd5 exd5
9.Be2 O-O 10.O-O Nc6 11.Bb2 Bg4 12.Rc1 Be7 13.Nd4 Bxe2 14.Ncxe2 Qd7 15.Ng3 Nxd4
16.Qxd4 Rac8 17.Qd3 g6 18.Ne2 Rxc1 19.Rxc1 Rc8 20.Rxc8+ Qxc8 21.Nf4 Qc5 22.g3 Qa5
23.Bxf6 Bxf6 24.Nxd5 Kg7 25.a4 Be5 26.Kg2 Qc5 27.b4 Qc6 28.b5 axb5 29.axb5 Qc5
30.Qe4 Ba1 31.Qd3 b6 32.Nf4 Bf6 33.Qd7 Kg8 34.Nd5 Kg7 35.Qc6  1-0